Redes eléctricas : redes eléctricas en régimen permanente desequilibrado y en régimen transitorio

Bibliographic Details
Main Author: Viqueira Landa, Jacinto
Format: Section = Libro
Language:Undetermined
Spanish
Published: México Representaciones y Servicios de Ingeniería 1970
Subjects:
LEADER 00619nam a2200193Ia 4500
008 240829s9999 xx 000 0 und d
020 |a 968-6062-51-3 
040 |a BIBLIOTECA-RUSB/ 621.3192 V812, v.2 
041 |a spa 
082 |a 621.3192 V812, v.2 
100 1 |a Viqueira Landa, Jacinto 
245 1 0 |a Redes eléctricas : redes eléctricas en régimen permanente desequilibrado y en régimen transitorio 
260 |a México  |b Representaciones y Servicios de Ingeniería  |c 1970 
300 |a 452 p. :il. 
650 7 |a REDES ELECTRICAS 
650 7 |b  ENERGIA ELECTRICAS 
942 |c BK  |2 ddc 
991 |a TEXTO 
999 |c 3162